000 01877nam a2200313 i 4500
003 DO-SdBNP
005 20230724124521.0
007 ta
008 201105e2018 2dr acr grb c 001 0dspa d
020 _a9789945906745
040 _aDO-SdBNP
_bspa
_cBNPHU
_erda
082 4 _a923.2
_bP438m
_222
245 0 4 _aLa mujer dominicana en la Cámara de Diputados :
_bsemblanzas de las mujeres que han sido diputadas durante el período 1942 - 2016 /
_ceditor, Modesto Cuesta Soriano ; coordinadora general, Yarisabel Marmolejos.
264 _aSanto Domingo :
_bCamara de Diputados de la República Dominicana,
_c2018.
300 _a647 páginas :
_bilustraciones, mapas, gráficos, retratos ;
_c26 cm.
336 _2rdacontent
_atexto
_btxt
337 _2rdamedia
_asin mediación
_bn
338 _2rdacarrier
_avolumen
_bnc
504 _aBibliografía : p. 646-647
505 _aPalabra de Rubén Maldonado, presidente de la Cámara de Diputados
_tLa mujer dominicana en la Cámara de Diputados. Semblanzas de las mujeres que han sido diputadas durante el período 1942 - 2016 --
_rDelia Blanco --
_tLa evolución de la mujer en la Cámara de Diputados --
_rFlor Esmirna Batista Polo
_tLa participacion de la mujer en la Cámara de Diputados desde la perspectiva de la equidad de genero --
_rMagda Rodríguez
_tExordio --
_rKaren Ricardo
_tReflexiones y testimonios --
_rGinette Bournigal
_tDe la autoras --
590 _aInventariado, 2020 /LP
650 4 _aMujeres en la política
_zRepública Dominicana
_vBiografías
_978818
_y1942-2016
650 4 _aPolíticos
_zRepública Dominicana
_vBiografías
_96328
_y1942-2016
700 1 _aCuesta Soriano, Modesto,
_eeditor
_977667
700 1 _aMarmolejos, Yarisabel
_ecoordinador
_980840
710 2 _aCamara de Diputados de la República Dominicana
_957997
910 _aLopérez.Validado Control de calidad MFF
942 _2ddc
_cLBS1
999 _c49088
_d49088